Statistics for Buffalo Trace Line

Click here to take the quiz!

General Stats

  • This quiz has been taken 3 times
  • The average score is 5 of 14

Answer Stats

Answer% Correct
Blanton's
100%
Buffalo Trace
100%
Eagle Rare
100%
EH Taylor Jr
50%
Sazerac Rye
50%
Van Winkle
50%
W.L. Weller
50%
Ancient Age
0%
Antique Collection
0%
Benchmark
0%
Elmer T Lee
0%
George T Stagg
0%
O.F.C. Vintages
0%
Old Charter
0%

Score Distribution

Percentile by Number Answered

Percent of People with Each Score

Your Score History

You have not taken this quiz